[Event "8. Ciudad los Ã�ngeles 2014"]
[Site "Madrid ESP"]
[Date "2014.05.11"]
[Round "7.6"]
[White "Martinez De Navascues, Francisco"]
[Black "Crespo Villalba, Israel"]
[Result "1-0"]
[WhiteElo "1672"]
[BlackElo "1895"]
[PlyCount "89"]
[EventDate "2014.03.23"]
[EventType "swiss"]
[EventRounds "9"]
[EventCountry "ESP"]
[Source "lmi"]
[SourceDate "2014.03.23"]

1. b3 e5 2. Bb2 Nc6 3. e3 a6 4. Nf3 e4 5. Nd4 Nxd4 6. Bxd4 c5 7. Bb2 d5 8. d3
exd3 9. Bxd3 Be6 10. O-O Nf6 11. Nd2 Bd6 12. Re1 Qc7 13. Nf3 c4 14. Bf1 c3 15.
Bc1 Ng4 16. g3 O-O 17. Bd3 g6 18. a4 Rad8 19. Nd4 Bc8 20. Ba3 Bxa3 21. Rxa3 Qe7
22. Ra1 Ne5 23. Bf1 Bg4 24. Be2 Bd7 25. Nf3 Nxf3+ 26. Bxf3 Be6 27. Qd4 Qc7 28.
Rad1 Bf5 29. Re2 Be4 30. Bg2 Rfe8 31. f3 Bf5 32. g4 Be6 33. Rd3 Rc8 34. h3 Qc5
35. f4 Qxd4 36. exd4 b5 37. axb5 axb5 38. Ree3 b4 39. Re5 f6 40. Rxe6 Rxe6 41.
Bxd5 Kf7 42. f5 Ke7 43. Bxe6 Ra8 44. Rd1 Ra2 45. Rc1 1-0

[Event "8. Ciudad los Ã�ngeles 2014"]
[Site "Madrid ESP"]
[Date "2014.05.11"]
[Round "7.7"]
[White "Largo Barbero, Benito"]
[Black "Vazquez Moreno, Luis"]
[Result "0-1"]
[WhiteElo "1938"]
[BlackElo "1737"]
[PlyCount "48"]
[EventDate "2014.03.23"]
[EventType "swiss"]
[EventRounds "9"]
[EventCountry "ESP"]
[Source "lmi"]
[SourceDate "2014.03.23"]

1. f4 e5 2. e4 exf4 3. Nf3 g5 4. Bc4 Bg7 5. d4 d6 6. O-O Nc6 7. c3 h6 8. h3 Nf6
9. Re1 O-O 10. Qe2 Re8 11. Qc2 d5 12. exd5 Rxe1+ 13. Nxe1 Nxd5 14. Qf2 Nb6 15.
Bd3 Nxd4 16. Nd2 Bf5 17. Bb1 Bxb1 18. Rxb1 Nf5 19. Nf1 Qd5 20. a3 Re8 21. Nf3
Nc4 22. g4 fxg3 23. Nxg3 Nxg3 24. Qxg3 Qd1+ 0-1

[Event "8. Ciudad los Ã�ngeles 2014"]
[Site "Madrid ESP"]
[Date "2014.05.11"]
[Round "7.8"]
[White "Bellod Thomas, Gonzalo"]
[Black "Pindado Campos, Raul"]
[Result "0-1"]
[WhiteElo "1696"]
[BlackElo "1901"]
[PlyCount "52"]
[EventDate "2014.03.23"]
[EventType "swiss"]
[EventRounds "9"]
[EventCountry "ESP"]
[Source "lmi"]
[SourceDate "2014.03.23"]

1. d4 d5 2. Nf3 c6 3. c4 Nf6 4. cxd5 cxd5 5. Nc3 Nc6 6. e3 Bf5 7. Bd3 Bxd3 8.
Qxd3 e6 9. O-O Bd6 10. a3 O-O 11. b4 a6 12. Bb2 Ng4 13. e4 dxe4 14. Nxe4 Nf6
15. Nxd6 Qxd6 16. Rfd1 Ne7 17. Ne5 Nfd5 18. Qf3 Ng6 19. Rac1 Qe7 20. Rc5 Nh4
21. Qe4 f5 22. Qe1 f4 23. Ng4 Rae8 24. Ne5 Qg5 25. Qe4 Nf6 26. Nf3 Qxg2# 0-1

[Event "8. Ciudad los Ã�ngeles 2014"]
[Site "Madrid ESP"]
[Date "2014.05.11"]
[Round "7.9"]
[White "Head Ladeveze, Jorge"]
[Black "Pena Marina, Jose Maria"]
[Result "1/2-1/2"]
[WhiteElo "1655"]
[BlackElo "1848"]
[PlyCount "95"]
[EventDate "2014.03.23"]
[EventType "swiss"]
[EventRounds "9"]
[EventCountry "ESP"]
[Source "lmi"]
[SourceDate "2014.03.23"]

1. d4 Nf6 2. c4 g6 3. Nc3 Bg7 4. e4 d6 5. Nf3 O-O 6. Be2 c5 7. d5 Nbd7 8. O-O
a6 9. a4 b6 10. Rb1 Qc7 11. Nd2 e5 12. Nf3 Nh5 13. Re1 Nf4 14. Bf1 Nf6 15. g3
Nh3+ 16. Kg2 Bg4 17. Be2 Qd7 18. Ng1 Nxg1 19. Bxg4 Qxg4 20. f3 Nxf3 21. Qxf3
Qxf3+ 22. Kxf3 Nd7 23. g4 f6 24. Bd2 Rfc8 25. h4 Rf8 26. h5 Rf7 27. hxg6 hxg6
28. Rh1 f5 29. gxf5 gxf5 30. Rbg1 f4 31. Rh5 Nf6 32. Rhg5 Raa7 33. Rg6 Rad7 34.
Be1 Kh7 35. Bh4 Nh5 36. R6g5 Nf6 37. Nd1 Ng8 38. Nf2 Nh6 39. Rh5 Bf8 40. Ng4
Kg6 41. Rxh6+ Bxh6 42. Nxe5+ Kh7 43. Nxd7 Rxd7 44. Bg5 Rg7 45. Kxf4 Rf7+ 46.
Ke3 Rg7 47. Kf4 Rf7+ 48. Ke3 1/2-1/2

[Event "8. Ciudad los Ã�ngeles 2014"]
[Site "Madrid ESP"]
[Date "2014.05.11"]
[Round "7.10"]
[White "Enfedaque Jimenez, Juan Carlos"]
[Black "Ballesteros Jimenez, Miguel A"]
[Result "1-0"]
[WhiteElo "1745"]
[BlackElo "1609"]
[PlyCount "67"]
[EventDate "2014.03.23"]
[EventType "swiss"]
[EventRounds "9"]
[EventCountry "ESP"]
[Source "lmi"]
[SourceDate "2014.03.23"]

1. e4 d5 2. exd5 Qxd5 3. Nc3 Qd6 4. d4 Nf6 5. Bc4 c6 6. Nge2 Bf5 7. Bf4 Qb4 8.
Bb3 Nbd7 9. O-O e6 10. Ng3 Bg6 11. a3 Qb6 12. Be3 Nd5 13. Nxd5 cxd5 14. f4 f5
15. c4 Nf6 16. cxd5 Nxd5 17. Bxd5 exd5 18. Rc1 Qxb2 19. Rb1 Qxa3 20. Re1 Qa6
21. Bd2+ Kf7 22. Re5 Qc6 23. Nxf5 Qd7 24. Qg4 Rd8 25. Rbe1 Bxf5 26. Rxf5+ Kg8
27. Qg5 Re8 28. Rfe5 Rxe5 29. Rxe5 Qa4 30. Qd8 Qxd4+ 31. Be3 Qd1+ 32. Kf2 Qc2+
33. Kg3 b5 34. Qxd5# 1-0

[Event "8. Ciudad los Ã�ngeles 2014"]
[Site "Madrid ESP"]
[Date "2014.05.11"]
[Round "7.11"]
[White "Yeves Miquel, Enrique"]
[Black "Perez Bruni, Alfredo"]
[Result "1/2-1/2"]
[WhiteElo "1742"]
[BlackElo "1721"]
[PlyCount "103"]
[EventDate "2014.03.23"]
[EventType "swiss"]
[EventRounds "9"]
[EventCountry "ESP"]
[Source "lmi"]
[SourceDate "2014.03.23"]

1. d4 b5 2. e4 Bb7 3. Bd3 a6 4. Nf3 e6 5. O-O Nf6 6. Nbd2 Be7 7. c3 c5 8. dxc5
Bxc5 9. e5 Nd5 10. Ne4 Be7 11. Bg5 f6 12. exf6 Nxf6 13. Bxf6 gxf6 14. Nd4 f5
15. Qh5+ Kf8 16. Qh6+ Kg8 17. Ng3 Qf8 18. Qh3 Qg7 19. Rae1 Nc6 20. Nxc6 Bxc6
21. Bxf5 Bd5 22. Be4 Bxe4 23. Rxe4 Kf8 24. Rf4+ Ke8 25. Nh5 Qe5 26. Qf3 Rc8 27.
Re4 Qg5 28. Ng3 h5 29. Qe3 Qf6 30. Ne2 Bc5 31. Qf4 Qe7 32. Nd4 Bxd4 33. cxd4
Rc2 34. Qe5 Rh7 35. d5 Rh6 36. dxe6 Rxe6 37. Qh8+ Qf8 38. Rxe6+ dxe6 39. Qxh5+
Qf7 40. Qxf7+ Kxf7 41. Rb1 b4 42. g3 Kf6 43. Kg2 a5 44. h4 a4 45. b3 Rxa2 46.
bxa4 Rxa4 47. Rb3 Kf5 48. Rf3+ Ke4 49. Re3+ Kf5 50. Kf3 Ra3 51. g4+ Kf6 52. g5+
1/2-1/2

[Event "8. Ciudad los Ã�ngeles 2014"]
[Site "Madrid ESP"]
[Date "2014.05.11"]
[Round "7.12"]
[White "Huerto Moreno, Jorge"]
[Black "Benitez Cadenas, Luis Miguel"]
[Result "0-1"]
[WhiteElo "1534"]
[BlackElo "1695"]
[PlyCount "100"]
[EventDate "2014.03.23"]
[EventType "swiss"]
[EventRounds "9"]
[EventCountry "ESP"]
[Source "lmi"]
[SourceDate "2014.03.23"]

1. d4 d5 2. c4 c6 3. Nc3 Nf6 4. Nf3 dxc4 5. e3 b5 6. Bd2 Bb7 7. a4 a6 8. axb5
cxb5 9. e4 Nxe4 10. Nxe4 Bxe4 11. Bc3 e6 12. Be2 Be7 13. O-O O-O 14. Re1 Nc6
15. Bxc4 Bxf3 16. Qxf3 Nxd4 17. Bxd4 Qxd4 18. Bxb5 a5 19. Bd3 Rfd8 20. Be4 Ra7
21. Rab1 Rad7 22. Qh5 g6 23. Qf3 Qf6 24. Qe3 Rd2 25. b3 Qe5 26. Qf3 Bc5 27.
Bxg6 Qg7 28. Bxf7+ Qxf7 29. Qxf7+ Kxf7 30. Rf1 Rc2 31. Rbd1 Rxd1 32. Rxd1 Rb2
33. h3 Rxb3 34. Rd7+ Kg6 35. g3 Rb2 36. Rc7 Bxf2+ 37. Kf1 Bxg3 38. Rc4 Rb4 39.
Rc3 Rb1+ 40. Ke2 Be1 41. Rc8 Bb4 42. Rg8+ Kf7 43. Ra8 e5 44. Ra7+ Kg6 45. Ra6+
Kh5 46. Ra7 h6 47. Kf3 Re1 48. Ra6 e4+ 49. Kf4 e3 50. Re6 e2 0-1

[Event "8. Ciudad los Ã�ngeles 2014"]
[Site "Madrid ESP"]
[Date "2014.05.11"]
[Round "7.13"]
[White "Andradas Encabo, Victor"]
[Black "Pindado Del Carmen, Eliseo"]
[Result "1-0"]
[WhiteElo "1749"]
[BlackElo "1604"]
[PlyCount "87"]
[EventDate "2014.03.23"]
[EventType "swiss"]
[EventRounds "9"]
[EventCountry "ESP"]
[Source "lmi"]
[SourceDate "2014.03.23"]

1. e4 c5 2. Nf3 e6 3. d4 cxd4 4. Nxd4 a6 5. Nc3 Qc7 6. Qf3 Bb4 7. Bd2 Nc6 8.
Nxc6 bxc6 9. Be2 Nf6 10. O-O-O d5 11. Bg5 Be7 12. Rhe1 O-O 13. exd5 cxd5 14.
Rd4 Ne8 15. Bxe7 Qxe7 16. Bd3 Qc5 17. Bxh7+ Kh8 18. Rh4 g5 19. Rh6 Qd4 20. Bd3+
Kg8 21. Qh5 f5 22. Bxf5 Qf4+ 23. Kb1 Qxf5 24. Rg6+ Ng7 25. a3 Rf6 26. Rxg5 Qh7
27. Qe8+ Rf8 28. Qe7 Rxf2 29. Ka2 Rf7 30. Qe8+ Rf8 31. Qe7 Qh6 32. Re3 Qf6 33.
Rxg7+ Qxg7 34. Rg3 Qxg3 35. hxg3 Rf7 36. Qe8+ Kg7 37. Ne2 Rf8 38. Qe7+ Rf7 39.
Qg5+ Kf8 40. Qd8+ Kg7 41. Nf4 e5 42. Qg5+ Kf8 43. Ng6+ Ke8 44. Qxe5+ 1-0

[Event "8. Ciudad los Ã�ngeles 2014"]
[Site "Madrid ESP"]
[Date "2014.05.11"]
[Round "7.14"]
[White "Cano Nieto, Jose Luis"]
[Black "Jimenez Manzano, Emiliano"]
[Result "0-1"]
[WhiteElo "1597"]
[BlackElo "1481"]
[PlyCount "172"]
[EventDate "2014.03.23"]
[EventType "swiss"]
[EventRounds "9"]
[EventCountry "ESP"]
[Source "lmi"]
[SourceDate "2014.03.23"]

1. d4 e6 2. Bf4 d5 3. e3 Bd6 4. Bxd6 Qxd6 5. Nf3 c5 6. Nc3 Nf6 7. Be2 O-O 8.
O-O cxd4 9. exd4 Nc6 10. a3 a6 11. Na4 Ne7 12. Nc3 Ng6 13. Qd2 Ng4 14. h3 Nh6
15. Bd3 Nf4 16. Ne5 Nxd3 17. Qxd3 f6 18. Nf3 Qc7 19. Rfe1 Bd7 20. Rac1 Nf7 21.
Qe2 Qb6 22. Rb1 Rae8 23. Qd2 Nd6 24. b3 Nb5 25. Nxb5 Bxb5 26. a4 Bc6 27. Re2
Rf7 28. Rbe1 Rfe7 29. Nh4 Qc7 30. Qb4 a5 31. Qc3 Qd8 32. Nf3 Rc7 33. Rxe6 Rxe6
34. Rxe6 Bd7 35. Qe3 Bxe6 36. Qxe6+ Kf8 37. Qb6 Rd7 38. Qb5 b6 39. Qd3 g6 40.
Nd2 Re7 41. Nf3 Qe8 42. c4 dxc4 43. Qxc4 Re4 44. Qa6 Qe6 45. Qa8+ Qe8 46. Qa6
Qc6 47. Qd3 Qc1+ 48. Kh2 Re7 49. Qa6 Kf7 50. Qxb6 Qc7+ 51. Qxc7 Rxc7 52. Nd2
Rc2 53. Nc4 Rxf2 54. Nxa5 Ra2 55. Nc6 Ke6 56. d5+ Kd6 57. a5 Ra3 58. b4 Kxd5
59. b5 Kc5 60. Nb8 Kxb5 61. a6 f5 62. Kg1 Ra2 63. Kf1 Kb6 64. Nd7+ Kxa6 65. Nf8
Kb5 66. Nxh7 Kc4 67. Ng5 Kd3 68. Nf3 Ke3 69. Kg1 f4 70. Ng5 Ke2 71. Nf3 Ra3 72.
Ng5 Rg3 73. Ne6 g5 74. Nd4+ Ke1 75. Nf3+ Rxf3 76. gxf3 Kd1 77. Kf1 Kd2 78. Kf2
Kd3 79. Kf1 Ke3 80. Kg2 Ke2 81. Kh1 Kxf3 82. Kh2 Ke2 83. h4 gxh4 84. Kh3 f3 85.
Kh2 f2 86. Kh3 f1=Q+ 0-1

[Event "8. Ciudad los Ã�ngeles 2014"]
[Site "Madrid ESP"]
[Date "2014.05.11"]
[Round "7.15"]
[White "Martin Rodriguez, Jose Luis"]
[Black "Canseco Arenas, Alfonso"]
[Result "1-0"]
[WhiteElo "1407"]
[BlackElo "1737"]
[PlyCount "119"]
[EventDate "2014.03.23"]
[EventType "swiss"]
[EventRounds "9"]
[EventCountry "ESP"]
[Source "lmi"]
[SourceDate "2014.03.23"]

1. e4 c5 2. Nf3 e6 3. d4 cxd4 4. Nxd4 a6 5. Nc3 Qc7 6. Bd3 Nf6 7. Be3 Nc6 8.
Nxc6 bxc6 9. O-O Be7 10. Qe2 d5 11. Rad1 O-O 12. Qf3 e5 13. Bc1 Bg4 14. Qg3
Bxd1 15. Rxd1 d4 16. Ne2 g6 17. f4 Nh5 18. Qg4 c5 19. Bc4 exf4 20. Nxf4 Nf6 21.
Qh3 Bd6 22. Rf1 Rae8 23. Nd5 Nxd5 24. Bxd5 Re5 25. Qh6 Rh5 26. Qd2 Bxh2+ 27.
Kf2 Bg3+ 28. Kf3 Rh4 29. Qg5 Rh5 30. Qxg3 Qxg3+ 31. Kxg3 Kg7 32. Bf4 f5 33. Rf2
g5 34. Be5+ Kg6 35. exf5+ Rxf5 36. Rxf5 Kxf5 37. Bd6 Rh1 38. Bxc5 Ke5 39. Bb3
h5 40. Kf2 g4 41. Kg3 Ke4 42. Bf7 Ke3 43. Bc4 a5 44. Bd3 a4 45. b4 axb3 46.
axb3 Ra1 47. b4 Ra8 48. Bd6 Kd2 49. Kh4 Rd8 50. Be5 Kc3 51. b5 Rd5 52. Bc7 Rxb5
53. Bxb5 Kxc2 54. Kxh5 d3 55. Bxd3+ Kxd3 56. Kxg4 Ke4 57. Kg5 Kd5 58. Kf6 Kc6
59. Be5 Kd7 60. Kf7 1-0

[Event "8. Ciudad los Ã�ngeles 2014"]
[Site "Madrid ESP"]
[Date "2014.05.11"]
[Round "7.16"]
[White "Fernandez Moreno, Gerardo"]
[Black "Lopez-Andujar Ocana, Ramon"]
[Result "1-0"]
[WhiteElo "1782"]
[BlackElo "1652"]
[PlyCount "105"]
[EventDate "2014.03.23"]
[EventType "swiss"]
[EventRounds "9"]
[EventCountry "ESP"]
[Source "lmi"]
[SourceDate "2014.03.23"]

1. e4 c5 2. Nf3 Nf6 3. e5 Nd5 4. c3 Nc6 5. d4 e6 6. Bd3 cxd4 7. cxd4 Be7 8. O-O
O-O 9. Nc3 Nxc3 10. bxc3 d5 11. Be3 b6 12. Nd2 Bb7 13. Qh5 g6 14. Qh6 Re8 15.
f4 Bf8 16. Qh3 f5 17. Nf3 Na5 18. g4 Rc8 19. gxf5 exf5 20. Rac1 Rc7 21. Qg2 Qc8
22. Nh4 Kh8 23. Bd2 Nc4 24. Bxc4 dxc4 25. Qh3 Qe6 26. Be1 Rd8 27. Nf3 Bxf3 28.
Qxf3 Qd5 29. Qxd5 Rxd5 30. Bh4 Kg8 31. a4 Kf7 32. Rb1 Ke6 33. Rb5 Rxb5 34. axb5
Kd7 35. Kf2 Ba3 36. Ke2 a6 37. bxa6 Ra7 38. Ra1 Bb2 39. Ra4 b5 40. Ra5 Bxc3 41.
Rxb5 Rxa6 42. Rd5+ Ke6 43. Rc5 Ra2+ 44. Ke3 Bd2+ 45. Kf3 c3 46. d5+ Kd7 47. e6+
Kd6 48. e7 Ra8 49. Rc4 Kxd5 50. Rc7 Kd6 51. Rc4 Kd7 52. Rd4+ Ke6 53. Rd8 1-0

[Event "8. Ciudad los Ã�ngeles 2014"]
[Site "Madrid ESP"]
[Date "2014.05.11"]
[Round "7.19"]
[White "Salgado Duarte, Pablo"]
[Black "Garcia Chica, Eva Maria"]
[Result "1-0"]
[WhiteElo "1556"]
[BlackElo "1476"]
[PlyCount "84"]
[EventDate "2014.03.23"]
[EventType "swiss"]
[EventRounds "9"]
[EventCountry "ESP"]
[Source "lmi"]
[SourceDate "2014.03.23"]

1. d4 Nf6 2. c4 e5 3. d5 Bc5 4. e3 d6 5. Nc3 a6 6. Nf3 O-O 7. h3 Ne8 8. Be2 f5
9. e4 h6 10. exf5 Bxf5 11. Bd3 Bxd3 12. Qxd3 Nf6 13. Qg6 Qe8 14. Qxe8 Rxe8 15.
O-O Nbd7 16. a3 e4 17. Nh4 e3 18. fxe3 Bxe3+ 19. Bxe3 Rxe3 20. Nf3 Rae8 21. Nd4
Nc5 22. Nf5 R3e5 23. Nxh6+ gxh6 24. Rxf6 Kg7 25. Raf1 R5e7 26. R6f3 Nb3 27.
R3f2 Nc5 28. Rf4 Nd3 29. Rg4+ Kh7 30. b4 Re1 31. Rxe1 Nxe1 32. Ne4 Rf8 33. c5
Nc2 34. Rg3 Rf4 35. cxd6 cxd6 36. Nxd6 Nd4 37. Re3 b5 38. Re7+ Kg6 39. Ra7 Rf6
40. Ne4 Ne2+ 41. Kh2 Rf7 42. Rxa6+ Kf5 1-0

[Event "8. Ciudad los Ã�ngeles 2014"]
[Site "Madrid ESP"]
[Date "2014.05.11"]
[Round "7.20"]
[White "Lopez Ziegler, Juan Jose"]
[Black "Ramos Antona, Enrique"]
[Result "1-0"]
[WhiteElo "1512"]
[BlackElo "1629"]
[PlyCount "69"]
[EventDate "2014.03.23"]
[EventType "swiss"]
[EventRounds "9"]
[EventCountry "ESP"]
[Source "lmi"]
[SourceDate "2014.03.23"]

1. d4 d5 2. Bf4 c6 3. e3 Nf6 4. Nd2 g6 5. Bd3 Bg7 6. Ngf3 Bg4 7. h3 Bxf3 8.
Nxf3 e6 9. c3 Qe7 10. O-O O-O 11. Re1 Ne4 12. Be5 f6 13. Bh2 Nd7 14. Qc2 f5 15.
Ne5 c5 16. Nxd7 Qxd7 17. Bxe4 fxe4 18. dxc5 Rf5 19. Bd6 Bf8 20. Bxf8 Raxf8 21.
Re2 g5 22. Rd1 Qg7 23. g3 Rf3 24. c4 R8f5 25. cxd5 exd5 26. Qb3 Qf7 27. Rdd2 h5
28. Kg2 g4 29. h4 Kg7 30. Qc3+ Kg6 31. c6 bxc6 32. Qxc6+ Kg7 33. Rc2 Re5 34.
Qd6 Rff5 35. Rc7 1-0

[Event "8. Ciudad los Ã�ngeles 2014"]
[Site "Madrid ESP"]
[Date "2014.05.11"]
[Round "7.21"]
[White "Savchuk, Olga"]
[Black "Pablos Ceruelo, Oscar"]
[Result "1-0"]
[WhiteElo "1579"]
[BlackElo "1342"]
[PlyCount "43"]
[EventDate "2014.03.23"]
[EventType "swiss"]
[EventRounds "9"]
[EventCountry "ESP"]
[Source "lmi"]
[SourceDate "2014.03.23"]

1. e4 e5 2. Nf3 d5 3. exd5 e4 4. Qe2 f5 5. d3 Nf6 6. dxe4 fxe4 7. h3 Qxd5 8.
Nc3 Bb4 9. Bd2 Bxc3 10. Bxc3 Be6 11. Nd4 Nc6 12. Nxe6 Qxe6 13. Qc4 Qf5 14. Qb5
Nd5 15. O-O-O O-O-O 16. Bc4 Qf4+ 17. Bd2 e3 18. fxe3 Nxe3 19. Be6+ Kb8 20. Qc5
Nd4 21. Bg4 Ndxc2 22. Qxc2 1-0

[Event "8. Ciudad los Ã�ngeles 2014"]
[Site "Madrid ESP"]
[Date "2014.05.18"]
[Round "8.1"]
[White "Cabanas Bravo, Juan Andres"]
[Black "Brull Cortes, Boris"]
[Result "0-1"]
[WhiteElo "2057"]
[BlackElo "2025"]
[PlyCount "59"]
[EventDate "2014.03.23"]
[EventType "swiss"]
[EventRounds "9"]
[EventCountry "ESP"]
[Source "lmi"]
[SourceDate "2014.03.23"]

1. e4 c5 2. Nf3 d6 3. d4 cxd4 4. Nxd4 Nf6 5. Nc3 g6 6. Be3 Bg7 7. f3 O-O 8. Qd2
Nc6 9. Bc4 Bd7 10. h4 h5 11. O-O-O Rb8 12. Bh6 Na5 13. Bxg7 Kxg7 14. Bb3 b5 15.
Qg5 Nxb3+ 16. axb3 b4 17. Na4 Nh7 18. Qg3 Qa5 19. Rhe1 Bxa4 20. bxa4 Qxa4 21.
Nb3 Rfc8 22. Rd3 Qb5 23. Kb1 Qc4 24. Nd4 b3 25. Nf5+ Kh8 26. Rc3 bxc2+ 27. Kc1
Qa2 28. Rxc8+ Rxc8 29. Nxe7 Qb1+ 30. Kd2 0-1

[Event "8. Ciudad los Ã�ngeles 2014"]
[Site "Madrid ESP"]
[Date "2014.05.18"]
[Round "8.2"]
[White "Rodriguez Dorado, Victor"]
[Black "Fernandez Sanchez, Lorenzo"]
[Result "1-0"]
[WhiteElo "1989"]
[BlackElo "1793"]
[PlyCount "75"]
[EventDate "2014.03.23"]
[EventType "swiss"]
[EventRounds "9"]
[EventCountry "ESP"]
[Source "lmi"]
[SourceDate "2014.03.23"]

1. e4 c6 2. d4 d5 3. e5 Bf5 4. Nf3 e6 5. Be2 Nd7 6. Be3 Bg6 7. O-O Nh6 8. Bxh6
gxh6 9. c4 Bg7 10. Nc3 O-O 11. Nd2 Qb6 12. Nb3 Rfd8 13. c5 Qc7 14. h4 f6 15. f4
fxe5 16. fxe5 Rf8 17. Bg4 Rxf1+ 18. Qxf1 Nf8 19. Qf3 Qe7 20. h5 Bc2 21. Rc1
Bxb3 22. axb3 Nd7 23. Qh3 Re8 24. Ra1 Nf8 25. Rxa7 Bxe5 26. Qd3 Bb8 27. Ra1 Qc7
28. Qh3 Qf4 29. Ne2 Qd2 30. Rf1 Qg5 31. Qf3 Qg7 32. Bh3 e5 33. Qd3 exd4 34.
Nxd4 Qe5 35. Rf3 Qxh5 36. Nf5 Ng6 37. Qd2 Qg5 38. Nxh6+ 1-0

[Event "8. Ciudad los Ã�ngeles 2014"]
[Site "Madrid ESP"]
[Date "2014.05.18"]
[Round "8.3"]
[White "Marcos Herrero, Francisco"]
[Black "Avendano Mateos, Jose"]
[Result "1-0"]
[WhiteElo "1930"]
[BlackElo "2042"]
[PlyCount "89"]
[EventDate "2014.03.23"]
[EventType "swiss"]
[EventRounds "9"]
[EventCountry "ESP"]
[Source "lmi"]
[SourceDate "2014.03.23"]

1. d4 d5 2. c4 c6 3. Nf3 e6 4. g3 f5 5. Bg2 Nf6 6. O-O Bd6 7. Nc3 O-O 8. Qc2
Bd7 9. Rb1 Ne4 10. b4 a6 11. c5 Bc7 12. Bf4 Bxf4 13. gxf4 Be8 14. e3 Bh5 15.
Kh1 Rf6 16. Nxe4 fxe4 17. Ne5 Nd7 18. f3 exf3 19. Bxf3 Nxe5 20. dxe5 Rh6 21.
Bxh5 Rxh5 22. Qf2 Qe7 23. Rg1 Rf8 24. Qf3 Qh4 25. Qg3 Qxg3 26. Rxg3 Rhf5 27.
Rd1 Kh8 28. h4 Rd8 29. Kg2 d4 30. Kf3 d3 31. Ke4 d2 32. Rg2 Rh5 33. Rgxd2 Rd5
34. Kf3 Rxh4 35. Kg3 g5 36. Rxd5 cxd5 37. a4 h5 38. b5 axb5 39. axb5 Rg4+ 40.
Kf3 gxf4 41. exf4 Rg7 42. Ra1 Rc7 43. c6 bxc6 44. b6 Rg7 45. Ra8+ 1-0

[Event "8. Ciudad los Ã�ngeles 2014"]
[Site "Madrid ESP"]
[Date "2014.05.18"]
[Round "8.4"]
[White "Lobato Rivero, Carlos"]
[Black "Garces Adan, Jose A"]
[Result "1/2-1/2"]
[WhiteElo "1999"]
[BlackElo "1777"]
[PlyCount "98"]
[EventDate "2014.03.23"]
[EventType "swiss"]
[EventRounds "9"]
[EventCountry "ESP"]
[Source "lmi"]
[SourceDate "2014.03.23"]

1. e4 e5 2. Nf3 Nc6 3. Bc4 Bc5 4. c3 Nge7 5. d4 exd4 6. cxd4 Bb4+ 7. Nc3 d5 8.
exd5 Nxd5 9. O-O Bxc3 10. bxc3 O-O 11. Re1 Nb6 12. Bd3 h6 13. Bc2 Nd5 14. Qd3
Nf6 15. Ba3 Re8 16. Rxe8+ Qxe8 17. Re1 Qd7 18. d5 g6 19. dxc6 Qxd3 20. Bxd3
bxc6 21. Re7 Be6 22. c4 Rd8 23. Ne5 Ng4 24. Nxg4 Rxd3 25. h3 Rxa3 26. Rxc7 Bxc4
27. Rxc6 Be6 28. Nxh6+ Kg7 29. Ng4 Bxg4 30. hxg4 Rxa2 31. f3 a5 32. Ra6 Kf8 33.
g5 a4 34. Kh2 a3 35. Kg3 Ke7 36. f4 Ra1 37. Kf2 a2 38. Kg3 Kd7 39. Kf2 Kc7 40.
Kg3 Kb7 41. Ra3 Kc6 42. Ra5 Kb6 43. Ra8 Kc5 44. Ra4 Kb5 45. Ra8 Kb4 46. Rb8+
Kc3 47. Rc8+ Kd2 48. Rd8+ Ke2 49. Re8+ Kf1 1/2-1/2

[Event "8. Ciudad los Ã�ngeles 2014"]
[Site "Madrid ESP"]
[Date "2014.05.18"]
[Round "8.5"]
[White "Tirado Parra, Alberto"]
[Black "Martinez De Navascues, Francisco"]
[Result "1-0"]
[WhiteElo "1939"]
[BlackElo "1672"]
[PlyCount "75"]
[EventDate "2014.03.23"]
[EventType "swiss"]
[EventRounds "9"]
[EventCountry "ESP"]
[Source "lmi"]
[SourceDate "2014.03.23"]

1. d4 Nf6 2. c4 c5 3. d5 b5 4. Qc2 e6 5. e4 bxc4 6. Bxc4 exd5 7. exd5 Bb7 8.
Nc3 Na6 9. a3 Nc7 10. Bg5 h6 11. Bh4 g5 12. Bg3 Ncxd5 13. O-O-O Nxc3 14. Qxc3
Be7 15. h4 g4 16. f3 O-O 17. Bd6 Rc8 18. Ne2 Rc6 19. Bxe7 Qxe7 20. Ng3 Rd8 21.
Rhe1 Qf8 22. Nf5 Rb6 23. Ne7+ Kh8 24. fxg4 d5 25. Bxd5 Bxd5 26. Nxd5 Rxd5 27.
Rxd5 Qg7 28. Rf5 Kh7 29. g5 hxg5 30. hxg5 Qg6 31. Rh1+ Kg8 32. g4 Re6 33. gxf6
Qxg4 34. Rfh5 Qf4+ 35. Kb1 Rxf6 36. Rh8+ Kg7 37. R1h7+ Kg6 38. Rh6+ 1-0

[Event "8. Ciudad los Ã�ngeles 2014"]
[Site "Madrid ESP"]
[Date "2014.05.18"]
[Round "8.6"]
[White "Enfedaque Jimenez, Juan Carlos"]
[Black "Lopez Ziegler, Carlos"]
[Result "1/2-1/2"]
[WhiteElo "1745"]
[BlackElo "1944"]
[PlyCount "66"]
[EventDate "2014.03.23"]
[EventType "swiss"]
[EventRounds "9"]
[EventCountry "ESP"]
[Source "lmi"]
[SourceDate "2014.03.23"]

1. e4 c5 2. Nf3 Nc6 3. d4 cxd4 4. Nxd4 e6 5. Nb5 d6 6. Bf4 e5 7. Be3 Nf6 8. f3
Be7 9. c4 Be6 10. Be2 O-O 11. O-O Ne8 12. Qd2 Rc8 13. N1c3 a6 14. Na3 Na5 15.
Nd5 Bxd5 16. cxd5 b5 17. Rac1 Nb7 18. Rxc8 Qxc8 19. Rc1 Qa8 20. Nc2 f5 21. Nb4
fxe4 22. fxe4 Nf6 23. Bf3 Rc8 24. Rxc8+ Qxc8 25. Nxa6 Qc4 26. b3 Qc8 27. Nb4
Nc5 28. Nc6 Bf8 29. Qc3 Qa8 30. Bxc5 dxc5 31. Qxe5 Qxa2 32. Qe6+ Kh8 33. d6 Qd2
1/2-1/2

[Event "8. Ciudad los Ã�ngeles 2014"]
[Site "Madrid ESP"]
[Date "2014.05.18"]
[Round "8.7"]
[White "Pindado Campos, Raul"]
[Black "Ruiz Sanchez, Roberto"]
[Result "1/2-1/2"]
[WhiteElo "1901"]
[BlackElo "1935"]
[PlyCount "133"]
[EventDate "2014.03.23"]
[EventType "swiss"]
[EventRounds "9"]
[EventCountry "ESP"]
[Source "lmi"]
[SourceDate "2014.03.23"]

1. d4 d5 2. Bg5 h6 3. Bh4 c6 4. e3 Qb6 5. Nd2 Qxb2 6. Bd3 Nd7 7. Ngf3 Ngf6 8.
O-O e6 9. c4 Be7 10. c5 Qa3 11. Nb3 b6 12. cxb6 axb6 13. Qc2 Bb7 14. e4 dxe4
15. Bxe4 Nxe4 16. Qxe4 Bxh4 17. Qxh4 O-O 18. Nbd2 Rfe8 19. Nc4 Qe7 20. Qxe7
Rxe7 21. Rfb1 Ba6 22. Ne3 Bd3 23. Rc1 Be4 24. Nd2 Bd5 25. a3 Nb8 26. Rc3 Ra4
27. Nc2 Rea7 28. h3 Nd7 29. Rc1 Nf6 30. Kh2 Ne4 31. Nxe4 Bxe4 32. Nb4 Rxa3 33.
Rxa3 Rxa3 34. Nxc6 Ra2 35. Kg3 Rc2 36. Rxc2 Bxc2 37. Kf4 f6 38. Ke3 Kf8 39. f4
Ke8 40. g4 g5 41. Nb4 Bb3 42. fxg5 hxg5 43. Kf3 Kd7 44. Kg3 Kd6 45. h4 gxh4+
46. Kxh4 e5 47. dxe5+ Kxe5 48. g5 f5 49. Kg3 Ke4 50. Kf2 Kf4 51. g6 Kg5 52. g7
Kg6 53. Nc2 Bg8 54. Nd4 Kf6 55. Ke3 Ke5 56. Nc6+ Kd5 57. Nd4 Ke5 58. Nc6+ Kf6
59. Nd4 Kg5 60. Nc6 f4+ 61. Kf2 b5 62. Ne7 Bf7 63. g8=Q+ Bxg8 64. Nxg8 Kf5 65.
Ne7+ Ke4 66. Nc6 Kd5 67. Nb4+ 1/2-1/2

[Event "8. Ciudad los Ã�ngeles 2014"]
[Site "Madrid ESP"]
[Date "2014.05.18"]
[Round "8.8"]
[White "Vazquez Moreno, Luis"]
[Black "Gil Sierra, Jacinto"]
[Result "0-1"]
[WhiteElo "1737"]
[BlackElo "2037"]
[PlyCount "30"]
[EventDate "2014.03.23"]
[EventType "swiss"]
[EventRounds "9"]
[EventCountry "ESP"]
[Source "lmi"]
[SourceDate "2014.03.23"]

1. e4 c5 2. Nf3 Nc6 3. d4 cxd4 4. Nxd4 Nf6 5. Nc3 d6 6. Bg5 e6 7. Qd2 a6 8.
O-O-O h6 9. Bh4 Nxe4 10. Nxe4 Qxh4 11. Nxd6+ Bxd6 12. Nxc6 Bf4 13. g3 Bxd2+ 14.
Rxd2 Qf6 15. Bg2 O-O 0-1